Psycholgy of Learners and Learning/ (Record no. 190531)

MARC details
000 -LEADER
fixed length control field 00725nam a22002057a 4500
005 - DATE AND TIME OF LATEST TRANSACTION
control field 20220727124335.0
010 ## - LCCN (DPL NO)
LC control number ENG-134045
020 ## - INTERNATIONAL STANDARD BOOK NUMBER
International Standard Book Number 9789381724309
Terms of availability 320.00
035 ## - SYSTEM CONTROL NUMBER
System control number EN-117577
037 ## - SOURCE OF ACQUISITION
Source of stock number/acquisition DBAD/PUB
082 ## - DEWEY DECIMAL CLASSIFICATION NUMBER
Classification number 153.1
100 ## - MAIN ENTRY--PERSONAL NAME
Personal name Sivakumar, D.
245 ## - TITLE STATEMENT
Title Psycholgy of Learners and Learning/
Statement of responsibility, etc D. Shivakumar & C. Perundevi
260 ## - PUBLICATION, DISTRIBUTION, ETC. (IMPRINT)
Place of publication, distribution, etc Salem
Name of publisher, distributor, etc Samyukdha Publications
Date of publication, distribution, etc 636004
270 ## - ADDRESS
Address 1/51, Perumal Kovil street, Swarnapuri
City Salem
Postal code 636004
300 ## - PHYSICAL DESCRIPTION
Extent xii;265p.:
Dimensions 23cm(Pbk)
505 ## - FORMATTED CONTENTS NOTE
Formatted contents note 1. Child Development and Pedagogy<br/>2. Language I (Tamil)<br/>3.Language II (English)<br/>4. Mathematics<br/>5. Environmental Studies
700 ## - ADDED ENTRY--PERSONAL NAME
Personal name Perundevi, C.
942 ## - ADDED ENTRY ELEMENTS (KOHA)
Source of classification or shelving scheme Dewey Decimal Classification
Item type English Books
Classification part 153.1
Call number suffix PSY
Holdings
Withdrawn status Lost status Not for loan Collection code Home library Current library Date acquired Source of acquisition Cost, normal purchase price Full call number Barcode Copy number Cost, replacement price Koha item type
      Non-fiction Ashok Vihar Ashok Vihar 27/07/2022 DBAD/PUB 320.00 153.1 PSY EN-117577 1 320.00 English Books

© Delhi Public Library
Hit Counter
free hit counter